E-shopom pomáha fulfillment logistiky logistika pre e-commerce
Internetové obchody zažívajú v posledných rokoch prudký vzostup. Niekedy je pre ne obtiažne zvládať logistiku a ďalšie činnosti e-shopu. Tu nastupuje fulfillment, ktorý zahŕňa outsourcing logistických a súvisiacich služieb. Modulové riešenie pre komplexnú logistiku e-shopov. Fulfillment zahŕňa rad p...
Na minha lista:
| Autor principal: | |
|---|---|
| Formato: | Capítulo de Livro |
| Idioma: | tcheco |
| Assuntos: | |
| Tags: |
Sem tags, seja o primeiro a adicionar uma tag!
|
MARC
| LEADER | 00000naa a2200000 4500 | ||
|---|---|---|---|
| 001 | 0282021 | ||
| 005 | 20240417075154.2 | ||
| 041 | 0 | |a cze | |
| 044 | |a CZ | ||
| 245 | 1 | 0 | |a E-shopom pomáha fulfillment logistiky |b logistika pre e-commerce |c Pavel Toman |
| 520 | |a Internetové obchody zažívajú v posledných rokoch prudký vzostup. Niekedy je pre ne obtiažne zvládať logistiku a ďalšie činnosti e-shopu. Tu nastupuje fulfillment, ktorý zahŕňa outsourcing logistických a súvisiacich služieb. Modulové riešenie pre komplexnú logistiku e-shopov. Fulfillment zahŕňa rad prepojených procesov. Technológie sú základ. Výhody a nevýhody fulfillmentového servisu. Umelá inteligencia a strojové učenie. Individuálne riešenia. Ako na fulfillment v Amerike. | ||
| 610 | 2 | 0 | |a procesy podnikové |
| 610 | 2 | 0 | |a logistika |
| 610 | 2 | 0 | |a moduly |
| 610 | 2 | 0 | |a technológie nové |
| 610 | 2 | 0 | |a obchod |
| 610 | 2 | 0 | |a obchod elektronický |
| 610 | 2 | 0 | |a technológie nové |
| 100 | 1 | |a Toman, Pavel | |